[Event "Israel Championship 2021"]
[Site "Haifa"]
[Date "2021.03.07"]
[Round "1.1"]
[White "Nabaty, Tamir"]
[Black "Birnboim, Nathan"]
[Result "1-0"]
[WhiteElo "2638"]
[BlackElo "2381"]
[Annotator "TA"]
[PlyCount "123"]
[EventDate "2021.01.10"]
[EventType "swiss"]
[EventCountry "ISR"]
[SourceTitle "playchess.com"]
[Source "ChessBase"]
[SourceQuality "1"]

{[%evp 9,123,16,48,28,19,0,0,0,58,56,55,42,54,39,39,50,37,51,58,60,53,56,50,49,59,33,37,38,37,43,42,29,41,34,65,17,17,25,26,11,58,62,54,64,64,62,104,78,70,79,73,52,50,56,62,68,64,-6,18,17,77,84,108,20,21,18,18,7,216,212,441,407,666,865,586,811,557,506,431,192,192,192,185,185,192,191,185,184,242,242,220,183,175,132,1245,1234,29964,29965,29964,29964,29974,29975,29975,29976,29976,29974,29977,29977,29977,29977,29973,29975,29983,29984,29985,29986]} 1. d4 Nf6 2. c4 c6 3. Bf4 d5 4. e3 e6 5. Nc3 Nbd7 6. h3 {D35: Queen's Gambit Declined: Exchange Variation.} Qa5 7. Qc2 {[#]} dxc4 $146 ({Predecessor:} 7... Bb4 8. Bd3 Ne4 9. Nge2 Nxc3 10. Nxc3 f5 11. cxd5 cxd5 12. O-O O-O 13. Nb5 Nf6 {1-0 (45) Poliato,I (1569)-Suarez Gomez,P (1204) Mamaia 2017}) 8. Bxc4 {The position is equal.} Bb4 (8... b5 $11 9. Be2 Nd5) 9. Nge2 $14 e5 10. Bg3 O-O 11. O-O exd4 12. Nxd4 Bxc3 13. bxc3 Qc5 14. Bd3 Ne5 15. Be2 Re8 16. Rad1 {[%cal Ba1d1,Bd1d4,Bd4e4,Be4e5,Be5d5][%mdl 32]} Ng6 17. c4 Ne4 18. Bh2 Qg5 19. Nf3 Qf6 20. Rd4 Nc5 21. g4 Nh4 22. Nxh4 Qxh4 23. Kg2 Ne6 24. Re4 c5 (24... b6 {keeps more tension.} 25. Bg3 Qf6 26. c5 Bb7 27. Bd6 Rad8) 25. Re5 Qe7 26. Bf3 f6 $1 {[%cal Rf6e5]} 27. Rd5 b6 28. Bd6 Qf7 29. Rh5 {[%csl Gh5][%cal Rc2h7]} g6 30. Bxa8 gxh5 31. Bd5 hxg4 32. hxg4 Bb7 33. Rd1 (33. Bg3 $14) 33... Bxd5+ 34. Rxd5 Ng5 (34... Qg6 $11 35. Qf5 Kf7) 35. Bf4 $16 Qe6 36. Qf5 (36. f3 $16 Qe7 37. Qd3) 36... Qe4+ $11 37. Kh2 Qxf5 38. gxf5 {[%mdl 4096] Endgame KRB-KRN} Nf3+ $2 (38... Re4 $11 {and Black has nothing to worry.}) 39. Kg3 $1 $18 {[%cal Rg3f3]} Ne5 (39... Ng1 {might work better.} 40. Rd2 Re7) 40. Bxe5 Rxe5 (40... fxe5 $142 41. Rd7 Rb8 42. Rxa7 Rd8) 41. Rxe5 fxe5 {[#] KP-KP} 42. a4 $1 Kf7 43. e4 a6 44. f4 (44. Kg4 $142) 44... b5 45. axb5 axb5 46. cxb5 {Intending b6 and mate.} c4 {Threatening ...c3.} 47. b6 ({Stronger than} 47. fxe5 c3 $11) 47... c3 {...c2 is the strong threat.} 48. b7 ({Worse is} 48. fxe5 c2 $11) 48... exf4+ {K3P-K3P} (48... c2 {was necessary.}) 49. Kg4 ({And not} 49. Kxf4 c2 $11) 49... c2 50. b8=Q {White threatens Qc7+ and mate.} c1=Q {Strongly threatening ...Qg1+. KQ-KQ} 51. Qa7+ Kf6 $2 {[%mdl 8192] This move loses the game for Black.} (51... Kg8 $16) 52. Qd4+ Kf7 53. e5 {White mates.} h5+ {[#]} 54. Kh4 $1 Qh1+ 55. Kg5 Qg2+ 56. Kh6 Qg7+ 57. Kxh5 Qh7+ 58. Kg5 Qg7+ 59. Kxf4 Qh6+ 60. Kg4 Qc1 61. Qd7+ Kf8 62. Qd8+ {Weighted Error Value: White=0.12/Black=0.31} 1-0

[Event "Israel Championship 2021"]
[Site "Haifa"]
[Date "2021.03.07"]
[Round "1.2"]
[White "Tzidkiya, Yeshaayahu"]
[Black "Smirin, Ilia"]
[Result "1-0"]
[WhiteElo "2380"]
[BlackElo "2614"]
[Annotator "TA"]
[PlyCount "113"]
[EventDate "2021.01.10"]
[EventType "swiss"]
[EventCountry "ISR"]
[SourceTitle "playchess.com"]
[Source "ChessBase"]
[SourceQuality "1"]

{[%evp 11,113,17,24,20,22,11,10,0,17,0,34,3,13,0,4,6,28,29,28,13,18,-39,-27,-47,-10,-89,-20,-36,0,-49,-47,-89,-73,-62,0,0,0,-17,-14,-84,-92,-189,-189,-176,-169,-194,-184,-167,-176,-180,-70,-55,165,150,184,177,180,175,180,185,182,172,180,0,0,0,0,0,0,0,0,0,0,0,100,4,4,6,5,13,164,154,143,143,505,498,4513,431,4141,4134,29984,1844,2227,2254,29970,29972,29972,29973,29973,29974,11655,29956,29956,2711]} 1. e4 c5 2. Nf3 e6 3. d4 cxd4 4. Nxd4 a6 5. Nc3 Qc7 6. g3 Bb4 7. Nb3 {B43: Sicilian: Kan Variation: 5 Nc3.} Nf6 8. Bd2 Nc6 9. Bg2 {The position is equal.} Be7 10. a4 b6 11. O-O Bb7 12. f4 d6 13. Be3 {[#]} Na5 $146 ({Predecessor:} 13... Rd8 14. Qe2 Nb4 15. Rad1 e5 16. h3 exf4 17. Bxf4 Nc6 18. g4 Ne5 19. Nd4 O-O 20. g5 Nfd7 {1-0 (41) Kraemer,M (2567)-Stany,G (2476) Biel 2016}) 14. Nxa5 bxa5 15. f5 Rb8 16. g4 (16. Ba7 $11) 16... h6 $15 17. h3 Ba8 18. Qd3 (18. fxe6 $11 fxe6 19. Rb1) 18... O-O (18... Rxb2 $17 19. fxe6 fxe6) 19. Rab1 $11 (19. Qxa6 Rxb2 20. Qd3 Rc8 $17) 19... Rb4 20. g5 hxg5 21. Bxg5 d5 {[%cal Rd5e4]} 22. Bxf6 Bxf6 (22... gxf6 $6 23. exd5 Rd4 24. Qf3 $14 (24. Qxd4 Bc5 $17)) (22... dxe4 $15 23. Nxe4 Bxe4 24. Bxe4 Rd8) 23. fxe6 Bxc3 24. Qxc3 Qb6+ 25. Kh1 (25. Kh2 $1 $11 {keeps the balance.} Qxe6 26. exd5 Bxd5 27. Bxd5 Qd6+ 28. Qg3 Qxd5 29. b3) 25... Qxe6 $17 26. Rf4 (26. exd5 $17 Bxd5 27. Bxd5 Qxd5+ 28. Kh2) 26... dxe4 $19 {...e3 is the strong threat.} 27. Rg4 {[%csl Gg4][%cal Rc3g7]} Qh6 28. Rg1 f5 ({And not} 28... Rxa4 29. b3 $11) 29. Rg3 Rb7 $1 ({Worse is} 29... f4 30. Rxg7+ Qxg7 31. Bf1 $11) 30. Bf1 e3 (30... Rd7 $1 $19 {Hoping for ...e3+.} 31. Be2 Kh8) 31. Kh2 $1 $15 {aiming for Rg6!} Re7 $2 (31... Rd7 $15 {keeps the upper hand.} 32. Be2 Be4) 32. Rg6 $1 $18 {[%cal Rg6h6]} Qf4+ 33. R1g3 {[%cal Rg6g7]} Qe5 {[#]} 34. Rxg7+ $3 {[%mdl 576] X-Ray Attack} Qxg7 35. Rxg7+ Rxg7 36. Qxe3 Kh7 {[#]} 37. h4 $2 (37. Qe2 $1 $18 {[%cal Re2h5]} Rff7 38. Qh5+ (38. Qxa6 Be4 $11) 38... Kg8 39. Qh6) 37... Be4 $11 38. c3 Rb8 39. Qe2 {Strongly threatening Qh5+.} Rg4 40. Qf2 {Threatens to win with Bh3.} Rg7 41. Bh3 Kg8 42. Bf1 Rgb7 (42... Kh7 $11) 43. Qg3+ (43. Kg3 $16) 43... Kh7 44. Qg5 Rxb2+ 45. Kh3 R2b6 $2 (45... R2b7 $11 {and Black is okay.}) 46. Qe7+ $18 {[%mdl 1024] White has strong compensation.} Kh6 {[#]} 47. Bc4 $1 {Black must now prevent Qg5+.} Rg6 {[%mdl 8192]} (47... Rc8 $16) 48. Bf7 Rc6 (48... Rbg8 $142 49. Bxg8 Rxg8) 49. Qg5+ Kh7 50. h5 Bd5 51. Bg6+ (51. Qxf5+ $142 Kh8 52. Qe5+ {[%mdl 64] Double Attack} Kh7 53. Bxd5 Rcb6 54. Qc7+ Kh8 55. Qf4 Kh7 56. Qf7+ Kh8 57. Qc7) 51... Kh8 52. Qe7 {[%csl Gg6][%cal Re7h7]} Kg8 53. Kh4 Rcb6 54. Bh7+ Kh8 55. Bxf5 {[%csl Gf5][%cal Re7h7]} Kg8 56. Bh7+ Kh8 57. Bd3 {[%csl Gd3][%cal Re7h7] What a bad dream for Black.  Weighted Error Value: White=0.20/Black=0.59} 1-0

[Event "Israel Championship 2021"]
[Site "Haifa"]
[Date "2021.03.07"]
[Round "1.3"]
[White "Postny, Evgeny"]
[Black "Haimovich, Tal"]
[Result "1-0"]
[WhiteElo "2605"]
[BlackElo "2375"]
[Annotator "TA"]
[PlyCount "89"]
[EventDate "2021.01.10"]
[EventType "swiss"]
[EventCountry "ISR"]
[SourceTitle "playchess.com"]
[Source "ChessBase"]
[SourceQuality "1"]

{[%evp 15,89,24,19,32,26,11,33,26,33,32,37,36,38,41,48,35,31,39,56,25,52,53,50,51,83,75,63,33,35,42,68,0,16,5,40,14,82,83,111,111,104,115,239,240,234,158,245,227,234,244,2715,275,243,116,115,103,239,229,240,229,925,0,770,768,29983,633,29989,29990,29990,29985,29985,29986,29986,5602,29987,5152]} 1. d4 d5 2. c4 c6 3. Nf3 Nf6 4. e3 Bg4 5. h3 Bxf3 6. Qxf3 e6 7. Nc3 Nbd7 8. Bd3 {8.Bd2 might become the main line.} Be7 9. O-O {D11: Slav Defence: 3 Nf3 sidelines and 3...Nf6 4 e3 Bg4.} O-O 10. Rd1 a6 11. e4 {[%cal Re4d5] White is slightly better.} dxe4 12. Nxe4 Nxe4 13. Bxe4 Nf6 14. Bc2 {[#]} Qd7 $146 ({Predecessor:} 14... Qc7 15. Bf4 Bd6 16. Bg5 Be7 17. Qd3 g6 18. Qf3 Nh5 19. Bh6 Rfd8 20. Rac1 Bf8 {1-0 (34) Caoili,A (2152)-De Meester,J Vlissingen 2001}) 15. Bf4 Rfd8 16. Rd3 Qe8 17. Re1 b5 18. b3 $1 Rac8 19. g4 Qf8 20. Rdd1 g6 21. h4 h5 22. g5 Ne8 23. Be4 ({Better is} 23. c5 $14) 23... Bb4 24. Re2 Bd6 25. Bc1 Bb8 (25... Ng7 $11 {keeps the balance.}) 26. c5 $16 (26. Bxc6 $6 bxc4 27. Bb7 (27. bxc4 Qd6 $14) 27... Rc7 $11) 26... Ng7 27. b4 $1 (27. Bxc6 $6 Nf5 $11) 27... Qe7 28. Bb2 Qc7 (28... Qe8 $16 {keeps fighting.} 29. d5 cxd5) 29. d5 $1 $18 {[%cal Rd5d6]} cxd5 {[#]} 30. Qf6 $1 {[%csl Gb2][%cal Rf6g7]} d4 31. Rxd4 ({Wrong is} 31. Bxd4 $2 Qh2+ 32. Kf1 e5 $19) 31... Rxd4 32. Bxd4 $40 {[%csl Gd4][%cal Rf6g7][%mdl 128] White wants a kill.} (32. Qxd4 Qh2+ 33. Kf1 e5 $14) 32... Qh2+ 33. Kf1 {[%csl Gd4][%cal Rf6g7]} e5 {[#]} 34. Be3 (34. Qxa6 Rd8 $11) (34. Bd5 $1 $18 {[%cal Re2e5]} Qh3+ 35. Ke1) 34... Qxh4 $16 35. Bd5 Rf8 (35... Qh3+ $16 {might work better.} 36. Bg2 Qg4) 36. Qxg6 $1 $18 ({And not} 36. Qxa6 e4 $11) 36... Qxb4 {[#]} 37. Rd2 $1 {Strongly threatening Qh6.} ({Less strong is} 37. Qxa6 Qb1+ 38. Kg2 Qd1 $16) 37... Ba7 $2 (37... Bc7 38. Qxa6 Qh4) 38. Qd6 $2 (38. Qh6 $18 {Threatening mate with g6.} Qb1+ 39. Kg2) 38... Qb1+ {[%mdl 8192]} (38... Nf5 $11 39. Qg6+ {[%mdl 64] Double Attack} Ng7) 39. Ke2 Bb8 40. Qf6 (40. Qh6 $142 Qg6 41. Qxg6 Bc7 42. Qf6 Ne8 43. Qh6 Ba5 44. g6 Nf6 45. gxf7+ {[%mdl 64] Discovered Attack} Rxf7 46. Qxf6 {[%mdl 64] Double Attack, Pin} Bxd2 47. Qxf7+ {[%mdl 64] Double Attack} Kh8 48. Qg8#) 40... Qf5 {[#]} 41. Bxf7+ $1 {[%mdl 512]} Kh8 42. Qh6+ Qh7 43. Qxh7+ Kxh7 44. g6+ Kh8 45. Bg5 {Weighted Error Value: White=0.33/Black=0.60} (45. Rd7 $142 e4 46. Bd4 Bf4 47. Rd5 Bh6 48. c6 b4 49. c7 Bg5 50. Rxg5 Rxf7 51. c8=Q+ {[%mdl 64] Double Attack} Rf8 52. Qxf8#) 1-0

[Event "Israel Championship 2021"]
[Site "Haifa"]
[Date "2021.03.07"]
[Round "1.4"]
[White "Kupervaser, Erez"]
[Black "Steinberg, Nitzan"]
[Result "1-0"]
[WhiteElo "2371"]
[BlackElo "2553"]
[Annotator "TA"]
[PlyCount "101"]
[EventDate "2021.01.10"]
[EventType "swiss"]
[EventCountry "ISR"]
[SourceTitle "playchess.com"]
[Source "ChessBase"]
[SourceQuality "1"]

{[%evp 22,101,0,0,52,54,78,68,69,67,61,45,37,40,141,125,138,145,195,206,200,183,229,79,167,169,329,278,420,330,312,292,262,258,477,461,726,518,1064,1048,1137,1113,1065,937,839,460,435,466,450,450,452,427,496,487,547,558,886,555,523,512,844,574,903,749,470,436,493,641,620,604,637,627,844,822,773,765,1571,1597,4618,3908,2499,2410]} 1. e4 c5 2. Nf3 d6 3. d4 cxd4 4. Nxd4 Nf6 5. Nc3 Nc6 6. Bc4 e6 7. Bb3 Be7 8. f4 O-O 9. Be3 Na5 10. Qf3 a6 11. f5 Nxb3 12. axb3 {[#]} Rb8 $146 {B86: Sicilian Scheveningen/Najdorf: 6 Bc4, without early ...b5.} (12... e5 $11 13. Nde2 b5) ({Predecessor:} 12... Qc7 13. O-O Bd7 14. g4 e5 15. Nde2 Bc6 16. g5 Nd7 17. Ng3 f6 18. g6 Rfe8 19. gxh7+ Kxh7 20. Qh5+ Kg8 21. Qg4 Nf8 22. Nh5 Bd8 23. Kh1 Nh7 24. Rg1 Qf7 {1-0 (24) Sukovic,A (2282)-Polanco Nunez,Y (2196) Chess.com INT 2020}) 13. g4 Nd7 {[#]} 14. O-O-O $1 Ne5 {White is slightly better.} 15. Qg2 Bg5 16. Bxg5 Qxg5+ {[%mdl 64] Double Attack} 17. Kb1 exf5 (17... Qxg4 $14 18. Qf2 b5) 18. exf5 $16 b5 19. h4 Qd8 20. Nd5 Bb7 21. g5 Kh8 {[#]} 22. Ne2 (22. f6 $1 $18 {has better winning chances.}) 22... Rc8 (22... a5 $16) 23. Nef4 $18 Rc5 $2 (23... Bxd5 24. Nxd5 f6 25. gxf6 gxf6) 24. h5 Qc8 (24... Rxd5 $142 25. Nxd5 Rg8) 25. Qe4 Re8 26. Rhe1 Bc6 {If Black can now play ...Bd7 this consolidates a bit.} 27. h6 {Threatens to win with hxg7+.} gxh6 (27... g6 28. fxg6 hxg6) 28. gxh6 {White is clearly winning.} Bd7 (28... Qd8 $142 29. Qd4 f6) 29. Ne3 Rc6 (29... Nc6 $142 30. Qg2 Rg8) 30. Nfd5 Qd8 31. Rg1 Rc8 32. Qg2 {[%csl Gg1,Gh6][%cal Rg2g7]} Rg8 33. Qxg8+ Qxg8 34. Rxg8+ Rxg8 35. Nf6 Rg3 36. Nxd7 {Strongly threatening Nf6.} Nxd7 37. Rxd6 {[%mdl 4160] Endgame Double Attack. KRN-KRN} Nc5 38. Nd5 {Hoping for Nf6.} Rg8 39. b4 Ne4 40. Rxa6 Ng3 (40... Rd8 $142 41. Ne7 Nd2+ 42. Ka2 Nc4) 41. Ne3 Re8 {[#]} 42. Ra7 $1 Kg8 (42... Ne4 43. Rxf7) 43. Nd5 {White wants to mate with Nf6+.} Ne4 44. b3 {[%cal Bb2b3,Bb3c4,Bc4c5][%mdl 32]} Kf8 45. Kb2 Rd8 46. c4 bxc4 47. bxc4 Nd6 48. Kc3 Nxf5 49. b5 {[%cal Bb4b5,Bb5b6][%mdl 32]} Nxh6 50. b6 Nf5 {[#]} 51. c5 $1 {Weighted Error Value: White=0.46/Black=0.56} 1-0

[Event "Israel Championship 2021"]
[Site "Haifa"]
[Date "2021.03.07"]
[Round "1.5"]
[White "Mikhalevski, Victor"]
[Black "Shohat, Yotam"]
[Result "1-0"]
[WhiteElo "2552"]
[BlackElo "2371"]
[Annotator "TA"]
[PlyCount "103"]
[EventDate "2021.01.10"]
[EventType "swiss"]
[EventCountry "ISR"]
[SourceTitle "playchess.com"]
[Source "ChessBase"]
[SourceQuality "1"]

{[%evp 12,103,-9,-4,27,22,26,25,24,14,52,59,61,55,58,0,0,-33,-34,-43,-42,-34,-35,-47,0,-57,-49,-79,-36,-64,-30,-25,-20,-29,-19,-27,-11,-27,-27,-31,12,16,18,18,38,38,40,55,53,38,67,70,84,5,170,62,70,66,86,60,129,129,221,84,485,491,589,581,568,562,545,545,619,594,4163,1587,1700,1599,4775,1183,1112,1042,29975,1113,29980,29981,29981,29982,29982,29983,29983,29984,29984,29985]} 1. d4 Nf6 2. Nf3 c5 3. dxc5 e6 4. a3 Bxc5 5. e3 O-O 6. c4 d5 7. b4 Bb6 {D30: Queen's Gambit Declined: Systems without Nc3.} 8. Bb2 Qe7 9. Nbd2 Rd8 {[#] White has an edge.} 10. Qc2 $146 ({Predecessor:} 10. c5 Bc7 11. Be5 Ne4 12. Bxc7 Qxc7 13. Qc2 f5 14. Qb2 Nc6 15. Bb5 Nxd2 16. Qxd2 {1-0 (68) Dimitriadis,M (2094)-Pesorda,I (2297) Graz 2005}) 10... Nbd7 11. Bd3 a5 12. O-O Nf8 13. e4 (13. Rfc1 $14) 13... dxe4 14. Nxe4 Nxe4 15. Bxe4 axb4 {Threatens to win with ...f5.} 16. axb4 Rxa1 17. Rxa1 Qxb4 (17... f5 $5 {[%cal Rf5e4]} 18. Bd3 Qxb4 $15) 18. Rb1 (18. Ba3 $11 Qa5 19. Bb2) 18... Qc5 $15 19. Ne5 Bc7 20. Qc3 {Hoping for Nc6!} Bxe5 (20... f6 {seems wilder.} 21. Nd3 Qh5 22. h3 e5 23. Qb4 Ne6) 21. Qxe5 Qxe5 22. Bxe5 f6 23. Bc3 e5 24. h4 Be6 25. c5 Rc8 26. Bb4 Rc7 27. Ba3 Nd7 28. Rxb7 Rxb7 29. Bxb7 $14 {[%mdl 4096] Endgame KBB-KBN} Kf7 30. h5 g6 31. h6 f5 32. f3 (32. c6 $16 Nb6 33. Bc5) 32... g5 $2 (32... Nf6 $11 {and Black has nothing to worry.}) 33. Kf2 ({White should play} 33. c6 $18) 33... Kg6 $1 34. c6 Nb6 35. Bc5 Nc8 {[#]} (35... Na4 $1 $14 36. Be3 f4) 36. Bf8 $1 $16 Nb6 (36... Na7 $16) 37. Bg7 (37. c7 $18 {and White stays clearly on top.}) 37... e4 $2 {[%mdl 8192]} (37... Bd5 $16 {is tougher.}) 38. fxe4 $18 fxe4 39. c7 Kf5 40. Bd4 Nc8 41. Bc5 Kg6 42. Ke3 Kxh6 43. Kxe4 Kg6 44. Ke5 Kf7 45. Bf3 (45. Be4 $142 Bg4 46. Bc6) 45... g4 46. Be4 h5 {[#]} 47. g3 (47. Bg6+ $142 $1 {[%mdl 512]} Kxg6 48. Kxe6 h4 49. Kd7 Kg5 50. Kxc8 h3 51. Bg1 Kf5 52. gxh3) 47... Bd7 48. Bd5+ {White mates.} Ke8 49. Kf6 {[%csl Gf6][%cal Rd5f7]} Bb5 50. Be6 Ba6 51. Bf5 Bb7 52. Ke6 {[%cal Rf5g6] Weighted Error Value: White=0.17/Black=0.72} 1-0

[Event "Israel Championship 2021"]
[Site "Haifa"]
[Date "2021.03.07"]
[Round "1.6"]
[White "Ben Artzi, Ido"]
[Black "Boruchovsky, Avital"]
[Result "1/2-1/2"]
[WhiteElo "2368"]
[BlackElo "2541"]
[Annotator "TA"]
[PlyCount "84"]
[EventDate "2021.01.10"]
[EventType "swiss"]
[EventCountry "ISR"]
[SourceTitle "playchess.com"]
[Source "ChessBase"]
[SourceQuality "1"]

{[%evp 18,84,19,9,62,0,0,-31,47,27,16,-3,39,52,56,45,36,38,77,90,95,83,73,12,13,14,19,17,25,27,12,37,35,0,1,8,4,8,8,8,8,8,15,16,8,0,0,0,33,0,0,0,0,0,0,0,0,0,0,0,0,0,0,0,0,0,0,0,0]} 1. d4 Nf6 2. c4 e6 3. Nc3 d5 4. cxd5 exd5 5. Bg5 c6 6. e3 Bd6 7. Bd3 h6 8. Bh4 O-O 9. Nf3 Re8 10. Qc2 b6 {10...Be6 is a critical line. D35: Queen's Gambit Declined: Exchange Variation.} (10... Be6 $11) 11. O-O-O {[#]} ({White should try} 11. O-O $14) 11... Na6 $146 ({Predecessor:} 11... Bb7 12. g4 g5 13. Bg3 Qc7 14. Bxd6 Qxd6 15. h4 Nxg4 16. hxg5 hxg5 17. Rdg1 Bc8 18. Bf5 Bxf5 19. Qxf5 {1-0 (19) Vakhidov,J (2295)-Ahmad,M (2100) Bandar Seri Begawan 2011}) 12. a3 Nc7 ({Black should play} 12... b5 $1 $15) 13. e4 {[#] Black must now prevent e5.} Be7 14. e5 Nh5 (14... Nd7 $5 {[%cal Re7h4]} 15. Bg3 Nf8 $11) 15. Bxe7 Qxe7 16. Ne2 c5 17. Rhg1 c4 18. Bh7+ Kh8 19. g4 Nf6 20. exf6 (20. Bf5 $16) 20... Qxe2 $11 21. Ne5 {[%cal Re5f7]} Qxc2+ 22. Bxc2 gxf6 23. Nxf7+ {[%mdl 64] [#] Double Attack} Kg7 $1 {[%cal Rg7f7]} 24. Nd6 Re2 25. Rde1 (25. Rd2 {looks sharper.} Rxd2 26. Kxd2 Kf8 27. a4 Bd7 28. Nf5) 25... Rxe1+ 26. Rxe1 {Threatens to win with Re7+.} Be6 27. Nf5+ Bxf5 28. Re7+ Kf8 29. Rxc7 Bxg4 {[%mdl 4096] Endgame KRB-KRB} 30. Bg6 a5 31. Rf7+ (31. f4 {is interesting.} Rc8 32. Rf7+ Kg8 33. Rb7 Rc6 34. f5) 31... Kg8 32. Rb7 Kf8 (32... Rd8 {keeps more tension.} 33. Rxb6 Kg7 34. Bc2 Re8 35. Rb5 Re1+) 33. Rxb6 (33. f4 {feels hotter.} Rc8 34. Rxb6 Kg7 35. f5 Rc7 36. Ra6) 33... Kg7 {The position is equal.} 34. Bc2 Re8 35. Rb5 Re1+ 36. Kd2 Re2+ 37. Kc3 {aiming for Bd1.} Rxf2 38. Rxd5 Rf3+ 39. Kd2 $1 Rf2+ 40. Kc3 Rf3+ $1 41. Kd2 $1 Rf2+ 42. Kc3 Rf3+ $1 {Weighted Error Value: White=0.11/Black=0.11} 1/2-1/2

[Event "Israel Championship 2021"]
[Site "Haifa"]
[Date "2021.03.07"]
[Round "1.7"]
[White "Rechlis, Gad"]
[Black "Kraus, Ohad"]
[Result "1-0"]
[WhiteElo "2513"]
[BlackElo "2363"]
[Annotator "TA"]
[PlyCount "71"]
[EventDate "2021.01.10"]
[EventType "swiss"]
[EventCountry "ISR"]
[SourceTitle "playchess.com"]
[Source "ChessBase"]
[SourceQuality "1"]

{[%evp 17,71,64,59,10,12,15,22,-130,-104,-87,-20,-20,-10,-20,-21,-39,0,-16,34,0,18,0,0,-20,52,54,67,60,65,62,71,53,179,50,42,0,37,0,0,0,0,0,0,0,0,0,159,156,29974,29976,29973,29969,29990,29991,29998,29999]} 1. e4 c5 2. Nf3 d6 3. d4 cxd4 4. Nxd4 Nf6 5. Nc3 a6 6. Bg5 e6 7. f4 Qc7 8. Qf3 b5 9. Bxf6 {has lost popularity (9.0-0-0).} gxf6 10. O-O-O $1 {[%mdl 4] is recently more successful than 10.a3. B96: Sicilian Najdorf: 6 Bg5 e6 7 f4, lines other than 7...Qb6 and 7...Be7.} b4 $1 {[%cal Rb4c3]} 11. Nce2 Nd7 12. e5 $2 (12. Ng3 $11) 12... Bb7 $1 $17 {[%cal Rb7f3]} 13. Qh5 {Threatens to win with Nxe6.} Nc5 (13... fxe5 $6 14. Nxe6 Qc4 15. Nxf8 $11) (13... Rc8 $17 14. f5 fxe5 15. fxe6 Nf6 16. exf7+ Qxf7 17. Qxf7+ Kxf7) 14. exf6 $11 O-O-O {[#]} 15. Kb1 $146 ({Predecessor:} 15. Ng3 d5 16. Qf3 Ne4 17. f5 e5 18. Ne6 fxe6 19. fxe6 Kb8 20. e7 Bh6+ 21. Kb1 {1-0 (40) Kupreichik,V-Rashkovsky,N Odessa 1973}) 15... Ne4 16. Qh4 Kb8 {[%mdl 1024] Black has compensation.} 17. Nc1 Qb6 18. Be2 h5 19. Bf3 (19. Bxh5 Rc8 $17) 19... d5 20. Rhe1 Bc5 (20... Rc8 $11) 21. Ncb3 $14 Bd6 22. f5 $1 {[%cal Rf5e6]} ({Reject} 22. Bxh5 Qc7 $17) 22... exf5 23. Nxf5 {[%cal Rf3e4]} Bc7 24. Ne7 {Black must now prevent Nxd5!} ({But not} 24. Bxh5 Nf2 $11) 24... Nxf6 {[#]} (24... Rhe8 $1 $14) 25. Rd4 (25. Na5 $1 $18 {[%mdl 512]}) 25... a5 $1 26. Nxa5 Qxa5 27. Qxf6 {aiming for Red1.} b3 $1 {[%mdl 64] Discovered Attack} 28. Re3 $36 {[%mdl 2048] White fights for an advantage.} Qxa2+ 29. Kc1 Qa1+ 30. Kd2 Ba5+ 31. Rc3 $1 {Strongly threatening Qf4+.} Qxb2 $2 {[#]} ({Better is} 31... Ka8 $1 $11 32. Bxd5 {[%mdl 64] Double Attack} Bxc3+ 33. bxc3 b2 34. Bxb7+ Kxb7 35. Qc6+ Ka7 36. Qc7+ Ka6 37. Qc6+ Ka7 38. Qc7+ Ka6 39. Qc6+ Ka7) 32. Qe5+ $1 $16 Rd6 $2 (32... Ka8 $16 33. Ra4 Qa2) 33. Qxd6+ {White mates.} Ka8 {[#]} 34. Rb4 $1 Re8 (34... Rd8 35. Qc5) 35. Bxd5 Bxb4 36. Qa6+ {[%mdl 64] Double Attack.  Weighted Error Value: White=0.25/Black=0.45} 1-0

[Event "Israel Championship 2021"]
[Site "Haifa"]
[Date "2021.03.07"]
[Round "1.8"]
[White "Efroimski, Marsel"]
[Black "Gorodetsky, David"]
[Result "1/2-1/2"]
[WhiteElo "2357"]
[BlackElo "2495"]
[Annotator "TA"]
[PlyCount "93"]
[EventDate "2021.01.10"]
[EventType "swiss"]
[EventCountry "ISR"]
[SourceTitle "playchess.com"]
[Source "ChessBase"]
[SourceQuality "1"]

{[%evp 9,93,8,58,45,48,63,39,37,22,29,43,25,77,79,84,75,85,95,61,60,157,149,162,118,121,120,127,36,34,34,51,44,59,65,52,35,35,29,31,29,33,37,36,16,35,35,35,35,27,27,34,16,18,0,32,41,43,18,18,19,35,14,18,8,8,8,11,0,11,0,0,0,13,3,13,0,13,13,13,13,14,0,3,0,12,0]} 1. e4 c6 2. d4 d5 3. e5 c5 4. dxc5 e6 5. Be3 Nc6 6. f4 {B12: Caro-Kann: Advance Variation.} d4 7. Bf2 Bxc5 8. Nf3 {White is slightly better.} Nge7 9. Nbd2 Nd5 10. g3 {[#]} Ne3 $146 (10... Qa5 $11) ({Predecessor:} 10... Qa5 11. a3 Ne3 12. Qb1 O-O 13. Bd3 Qd8 14. Ne4 Be7 15. Ke2 Ng4 16. Bg1 f5 {1-0 (41) Gagloev,D (2073)-Lomakina,G (2012) Tambov 2018}) 11. Bxe3 $16 dxe3 12. Ne4 Qb6 {...Qb4+ is the strong threat.} 13. Nxc5 Qxc5 14. c3 b6 {[#]} (14... Bd7 $14) 15. Ng5 $1 {Black must now prevent Bg2.} Qe7 16. Bb5 Bb7 17. Qf3 Qc7 {Black wants to play ...a6.} 18. Ne4 ({Better is} 18. O-O-O $16 {Threatens to win with Rd6.} a6 19. Bxc6+ Bxc6 20. Ne4 (20. Qxe3 Bxh1 21. Rxh1 Rd8 $15)) 18... O-O $14 19. Bd3 Rfd8 20. Qxe3 Nxe5 $1 21. fxe5 Qxe5 22. O-O-O {Strongly threatening Rhe1.} f5 {[#]} 23. Rde1 $1 fxe4 (23... Bxe4 24. Bxe4) 24. Bxe4 Bxe4 25. Qxe4 Qxe4 26. Rxe4 $11 {[%mdl 4096] Endgame KRR-KRR} Rd6 27. Rhe1 Re8 28. a4 h6 29. R1e2 Re7 30. Rd2 Red7 31. Rde2 Re7 32. Kc2 Kf7 33. Rf2+ Ke8 34. Ref4 e5 35. Rf8+ Kd7 {The position is equal.} 36. Rd2 (36. b3 {is more complex.} Rd5 37. Rd2 Rxd2+ 38. Kxd2 Ke6 39. Rc8) 36... Rxd2+ 37. Kxd2 {KR-KR} Ke6 38. Ke3 Rd7 39. Ra8 Rc7 40. Kd3 Kd5 41. Rd8+ Ke6 42. Ra8 Kd5 43. Re8 Rf7 44. Rd8+ Ke6 45. Re8+ Kd5 46. Rd8+ Ke6 47. Re8+ {Weighted Error Value: White=0.10/Black=0.08} 1/2-1/2